Statystyki dla Tramwaje Warszawa- Linia 14 (przystanki)

Kliknij tutaj aby rozwiązać quiz!

Ogólne statystyki

  • Ten quiz został rozwiązany 39 razy
  • Średni wynik to 17 z 20

Statystyki odpowiedzi

Numer przystankuNazwa przystanku% Poprawnych
1.Banacha
97%
2.Banacha
97%
3.Bitwy Warszawskiej 1920r.
93%
10.Metro Politechnika
90%
7.NIK
90%
8.Nowowiejska
90%
5.Plac Narutowicza
90%
9.Plac Politechniki
90%
20.Metro Wilanowska
86%
4.Och-Teatr
86%
18.Królikarnia
83%
15.Morskie Oko
83%
12.Plac Unii Lubelskiej
83%
14.Dworkowa
79%
16.Park Dreszera
76%
11.Trasa Łazienkowska
76%
13.Rakowiecka
72%
6.Raszyńska
72%
17.Malczewskiego
66%
19.Bukowińska
62%

Rozkład punktacji

Percentyl według liczby udzielonych odpowiedzi

Procent ludzi z każdym wynikiem

Twoja historia wyników

Nie rozwiązałeś tego quizu